000 00291nam a2200121Ia 4500
008 240731s9999 xx 000 0 und d
022 _a2332-8959
245 0 _aTemperature
260 _bTaylor & Francis
856 _uhttps://www.tandfonline.com/loi/ktmp20
942 _2ddc
942 _cTFEJ
999 _c79829
_d79829
945 _a1
_bMadushi Gamage
_c1
_dMadushi Gamage